ՀՀ Գիտությունների ազգային ակադեմիայի հիմնարար գիտական գրադարան  =   Fundamental Scientific Library of NAS RA

Транспортное право : (Record no. 218662)

MARC details
000 -LEADER
fixed length control field 00938nam a2200253 u 4500
001 - CONTROL NUMBER
control field 000561012
003 - CONTROL NUMBER IDENTIFIER
control field AM-YeHGA
005 - DATE AND TIME OF LATEST TRANSACTION
control field 20250617140354.0
008 - FIXED-LENGTH DATA ELEMENTS--GENERAL INFORMATION
fixed length control field 071212s2007 ||| r 000 0 rus d
020 ## - INTERNATIONAL STANDARD BOOK NUMBER
International Standard Book Number 5720507744
040 ## - CATALOGING SOURCE
Original cataloging agency AM-YeHGA
041 0# - LANGUAGE CODE
Language code of text/sound track or separate title rus
090 ## - LOCALLY ASSIGNED LC-TYPE CALL NUMBER (OCLC); LOCAL CALL NUMBER (RLIN)
-- 220190
100 1# - MAIN ENTRY--PERSONAL NAME
Personal name Егиазаров, Владимир Абрамович
245 10 - TITLE STATEMENT
Title Транспортное право :
Remainder of title Учебник /
Statement of responsibility, etc. В. А. Егиазаров.
250 ## - EDITION STATEMENT
Edition statement Изд. 4-е, перераб. и доп.
260 ## - PUBLICATION, DISTRIBUTION, ETC.
Place of publication, distribution, etc. Москва :
Name of publisher, distributor, etc. Юстицинформ,
Date of publication, distribution, etc. 2007.
300 ## - PHYSICAL DESCRIPTION
Extent 547 с.
440 #0 - SERIES STATEMENT/ADDED ENTRY--TITLE
Title Учебник
650 14 - SUBJECT ADDED ENTRY--TOPICAL TERM
Topical term or geographic name entry element Государство и право.
650 14 - SUBJECT ADDED ENTRY--TOPICAL TERM
Topical term or geographic name entry element Административное право
Geographic subdivision Российская Федерация
653 0# - INDEX TERM--UNCONTROLLED
Uncontrolled term Юридические науки
653 0# - INDEX TERM--UNCONTROLLED
Uncontrolled term Управление транспортом - Учебник для высшей школы
Holdings
Withdrawn status Lost status Damaged status Not for loan Collection Home library Current library Date acquired Shelving control number Total checkouts Full call number Barcode Date last seen Price effective from Koha item type Public note
        General Fundamental Scientific Library Fundamental Scientific Library 28/12/2016     PII/652828 FL0024994 28/12/2016 28/12/2016 Գրքեր / Books 30 Days Loan


ՀՀ ԳԱԱ հիմնարար գիտական գրադարան
ՀՀ,Երևան 0019
Մարշալ Բաղրամյան 24/6
հեռախոս:(374-10) 52-47-50
Հետադարձ կապ

All site content, except where otherwise noted, is licensed under a
Creative Commons License